CONSTRUCTION PROJECT MANAGEMENT A PRACTICAL GUIDE TO FIELD CONSTRUCTION MANAGEMENT / (Record no. 589396)

000 -LEADER
fixed length control field 00390nam a22001337a 4500
020 ## - INTERNATIONAL STANDARD BOOK NUMBER
Qualifying information PB.
040 ## - CATALOGING SOURCE
Transcribing agency FIZZA ISHAQ
082 ## - DEWEY DECIMAL CLASSIFICATION NUMBER
Classification number 624.0684
Author Mark SKE
100 ## - MAIN ENTRY--PERSONAL NAME
Personal name SEARS,KEOKI S.
9 (RLIN) 91220
245 ## - TITLE STATEMENT
Title CONSTRUCTION PROJECT MANAGEMENT A PRACTICAL GUIDE TO FIELD CONSTRUCTION MANAGEMENT /
Statement of responsibility, etc. S.KEOKI SEARS.
260 ## - PUBLICATION, DISTRIBUTION, ETC.
Place of publication, distribution, etc. NEW YORK ;
Name of publisher, distributor, etc. JOHN WILEY SON,
Date of publication, distribution, etc. 2008.
300 ## - PHYSICAL DESCRIPTION
Extent 400 P. ;
942 ## - ADDED ENTRY ELEMENTS (KOHA)
Source of classification or shelving scheme
Koha item type Book
Holdings
Withdrawn status Lost status Source of classification or shelving scheme Damaged status Not for loan Permanent Location Current Location Date acquired Total Checkouts Full call number Barcode Date last seen Price effective from Koha item type
          NUST Baluchistan Campus (NBC) NUST Baluchistan Campus (NBC) 04/26/2022   624.0684 SKE Q-3480 04/26/2022 04/26/2022 Book
          NUST Baluchistan Campus (NBC) NUST Baluchistan Campus (NBC) 04/26/2022   624.0684 SKE Q-3481 04/26/2022 04/26/2022 Book
© 2023 Central Library, National University of Sciences and Technology. All Rights Reserved.